000 00475nam a2200169 i 4500
001 80628
003 ES-MaACL
005 20230906174246.0
007 t|
008 041029s1921 fr ||||1| fre d
100 1 _aHoschiller, Max.
_964277
245 1 3 _aLe mirage du sovietisme /
_cMax Hoschiller ; preface de A. Merrheim.
260 _aParis :
_b[s.n.,
_c1921] (
_fJ. Dumoulin)
300 _a252 p. ;
_c19 cm.
700 1 _aMerrhim, A.
_980594
852 _aES-MaACL
_jF-9795
999 _c80628
_d80628